[Event "ODJM B 2019"]
[Site "Willingen GER"]
[Date "2019.06.09"]
[Round "1"]
[White "Ebeling, Leander"]
[Black "Kessen, Fanny"]
[Result "1-0"]
[Termination "normal"]
[Board "44"]
[WhiteElo "1694"]
[BlackElo "1232"]
[PlyCount "125"]
[WhiteFideId "16223179"]
[BlackFideId "16217357"]
[EventCountry "GER"]
[EventRounds "9"]
[EventType "swiss"]
[EventDate "2019.06.08"]

1. c4 e6 2. Nc3 d5 3. cxd5 exd5 4. d4 Nf6 5. Nf3 Nc6 6. g3 Bf5 7. a3 Ne4 8. Bg2
Qd7 9. O-O O-O-O 10. Bd2 Bh3 11. b4 Bxg2 12. Kxg2 Nxd2 13. Qxd2 f5 14. b5 Na5
15. Ne5 Nc4 16. Nxc4 dxc4 17. d5 Be7 18. Rfd1 Bf6 19. Rab1 Rhe8 20. e3 g5 21.
Ne2 h5 22. Qc2 c3 23. d6 cxd6 24. Nd4 Bxd4 25. Rxd4 Kb8 26. Qxc3 Rc8 27. Qd3
Rcd8 28. b6 Qc6+ 29. Kg1 a6 30. Qxf5 Rg8 31. Qe4 Qxe4 32. Rxe4 Rc8 33. Re6 d5
34. Rd1 Rc3 35. Rxd5 Rxa3 36. Rde5 Rc3 37. Re8+ Rxe8 38. Rxe8+ Rc8 39. Re5 Rg8
40. f4 gxf4 41. exf4 h4 42. Kf2 hxg3+ 43. hxg3 Kc8 44. Kf3 Kd7 45. f5 Kd6 46.
Re6+ Kd7 47. g4 a5 48. Re4 Kc6 49. f6 Rg6 50. g5 Rxg5 51. f7 Rf5+ 52. Rf4 Rxf7
53. Rxf7 Kxb6 54. Ke3 Ka6 55. Kd3 b6 56. Kc3 Kb5 57. Kb3 a4+ 58. Ka3 Ka5 59.
Rf5+ b5 60. Rh5 Kb6 61. Kb4 a3 62. Rxb5+ Kc6 63. Ra5 1-0

[Event "ODJM B 2019"]
[Site "Willingen GER"]
[Date "2019.06.09"]
[Round "1"]
[White "Schneble, Milan"]
[Black "Thorz, Maximilian"]
[Result "0-1"]
[Termination "normal"]
[Board "45"]
[WhiteElo "1425"]
[BlackElo "1677"]
[PlyCount "130"]
[WhiteFideId "16266102"]
[BlackFideId "16220668"]
[EventCountry "GER"]
[EventRounds "9"]
[EventType "swiss"]
[EventDate "2019.06.08"]

1. e4 c5 2. c4 Nc6 3. Nc3 Nf6 4. d3 e6 5. Be3 d5 6. cxd5 exd5 7. exd5 Nxd5 8.
Nge2 Nxe3 9. fxe3 Bg4 10. Qd2 Be7 11. g3 Bf3 12. Rg1 O-O 13. Nf4 Re8 14. Be2
Bxe2 15. Qxe2 Bf6 16. Ne4 Bd4 17. g4 Be5 18. Rf1 b6 19. O-O-O a5 20. Qf2 Ra7
21. h4 Bxf4 22. Qxf4 Nb4 23. Kb1 Nxd3 24. Qf5 c4 25. Ng5 g6 26. Qb5 Qc8 27. Rf6
h6 28. Nf3 Ree7 29. Rc6 Qxg4 30. Rxc4 Qxf3 31. Rxd3 Kg7 32. Qxb6 Qf1+ 33. Kc2
Qe2+ 34. Kc3 Rab7 35. Qd4+ Kh7 36. Rd2 Qxe3+ 37. Qxe3 Rxe3+ 38. Kc2 Rh3 39. Ra4
Rb5 40. b3 Rh5 41. Rdd4 Kg7 42. Rf4 Rc5+ 43. Kd2 f5 44. b4 axb4 45. Rfxb4 g5
46. hxg5 hxg5 47. Rb6 Rd5+ 48. Ke2 Re5+ 49. Kf2 Rhe3 50. Raa6 g4 51. Kg2 Kf7
52. a4 Re6 53. Rb7+ Kf6 54. Ra8 Re2+ 55. Kf1 Ra2 56. a5 Rc6 57. Rb1 Kg5 58. Re1
Kf4 59. Re2 Rc1+ 60. Re1 Rxe1+ 61. Kxe1 g3 62. a6 Kf3 63. Rb8 g2 64. Rb3+ Kg4
65. Rb4+ f4 0-1

[Event "ODJM B 2019"]
[Site "Willingen GER"]
[Date "2019.06.09"]
[Round "1"]
[White "Reuter, Max"]
[Black "Maul, Maik Joel"]
[Result "0-1"]
[Termination "normal"]
[Board "46"]
[WhiteElo "1545"]
[BlackElo "1590"]
[PlyCount "98"]
[WhiteFideId "16263715"]
[BlackFideId "16204816"]
[EventCountry "GER"]
[EventRounds "9"]
[EventType "swiss"]
[EventDate "2019.06.08"]

1. e4 c5 2. Nf3 e6 3. d4 cxd4 4. Nxd4 Nc6 5. Nc3 Qc7 6. g3 a6 7. Bg2 Bb4 8.
Nde2 b5 9. O-O h5 10. a3 Bd6 11. Be3 h4 12. f4 hxg3 13. Nxg3 Bb7 14. e5 Be7 15.
Nce4 Rc8 16. Nd6+ Bxd6 17. exd6 Qd8 18. Rf2 Qh4 19. Be4 Nf6 20. Bf3 Na5 21. Nf1
Bxf3 22. Qxf3 Nc4 23. Bc5 Ng4 24. Rg2 Rxc5 25. Rxg4 Qd8 26. b4 Rch5 27. Rd1 Qb8
28. Rxg7 Qa7+ 29. Kg2 Rxh2+ 30. Nxh2 Ne3+ 31. Kg3 Nf5+ 32. Kg4 Nxg7 33. Qc3 Kf8
34. Qf6 Qa8 35. Nf3 Rh3 36. Rf1 Rg3+ 37. Kh4 Rxf3 38. Rxf3 Qxf3 39. Qd8+ Ne8
40. Qe7+ Kg7 41. Qxe8 Qxf4+ 42. Kh3 Qxd6 43. Qd8 f6 44. Qc8 Qc6 45. Qd8 Kf7 46.
Kg3 Qd6+ 47. Kh3 e5 48. Kg2 Qe6 49. Qa8 Qc6+ 0-1

[Event "ODJM B 2019"]
[Site "Willingen GER"]
[Date "2019.06.09"]
[Round "1"]
[White "Schwenke, Mia"]
[Black "Ostra, Noah"]
[Result "1-0"]
[Termination "normal"]
[Board "47"]
[WhiteElo "1136"]
[BlackElo "1773"]
[PlyCount "117"]
[WhiteFideId "16263332"]
[BlackFideId "16228979"]
[EventCountry "GER"]
[EventRounds "9"]
[EventType "swiss"]
[EventDate "2019.06.08"]

1. e4 c5 2. Nf3 d6 3. d4 cxd4 4. Nxd4 Nf6 5. Nc3 a6 6. Be3 Ng4 7. Qd2 Nxe3 8.
Qxe3 g6 9. Bc4 Bg7 10. O-O-O Nd7 11. f4 Nb6 12. Bb3 Bg4 13. Rdf1 O-O 14. h3 Bd7
15. f5 Rc8 16. fxg6 hxg6 17. h4 Nc4 18. Bxc4 Rxc4 19. Nde2 Bg4 20. Qg3 Bh5 21.
Qh3 Bxe2 22. Nxe2 Qb6 23. c3 Bh6+ 24. Kb1 Rxe4 25. Ng3 Re3 26. h5 g5 27. Qg4 e6
28. Rf6 Kh7 29. Rhf1 Re5 30. Rxf7+ Rxf7 31. Rxf7+ Kg8 32. Rf1 Qe3 33. Rd1 d5
34. a3 Kg7 35. Ka2 Qf2 36. Nh1 Qe2 37. Qd4 Qe4 38. Qb6 Qc4+ 39. Ka1 Qe2 40.
Qxb7+ Kf6 41. Rb1 Qxg2 42. Qh7 Bf8 43. Qg6+ Ke7 44. h6 Qh2 45. Qh7+ Kd6 46. Qb7
Bxh6 47. Qxa6+ Kc7 48. Qa7+ Kc6 49. Qa8+ Kc7 50. Qe8 g4 51. Qe7+ Kb6 52. Rd1
Re2 53. Qb4+ Kc6 54. Qa4+ Kd6 55. Qb4+ Kc7 56. c4 Bf4 57. cxd5 exd5 58. Rf1
Rxb2 59. Qxf4+ 1-0

[Event "ODJM B 2019"]
[Site "Willingen GER"]
[Date "2019.06.09"]
[Round "1"]
[White "Lange, Malina"]
[Black "Keck, Johannes"]
[Result "1-0"]
[Termination "normal"]
[Board "48"]
[WhiteElo "1562"]
[BlackElo "1402"]
[PlyCount "65"]
[WhiteFideId "16228952"]
[BlackFideId "16258746"]
[EventCountry "GER"]
[EventRounds "9"]
[EventType "swiss"]
[EventDate "2019.06.08"]

1. e4 e6 2. d4 d5 3. Nd2 Nf6 4. e5 Nfd7 5. Bd3 c5 6. c3 Nc6 7. Ne2 Qb6 8. Nf3
Be7 9. O-O cxd4 10. cxd4 O-O 11. Qc2 Nb4 12. Bxh7+ Kh8 13. Qb1 Qb5 14. Nc3 Qc4
15. a3 Nc6 16. Bd3 Qb3 17. Bb5 Nb6 18. Nd2 Qxb5 19. Nxb5 a6 20. Nc3 Nxd4 21.
Qd3 Nf5 22. Qh3+ Kg8 23. Nf3 Nd7 24. Nxd5 exd5 25. Qxf5 Nc5 26. Qh5 Be6 27. Bg5
Bxg5 28. Nxg5 Rfc8 29. Qh7+ Kf8 30. Qh8+ Ke7 31. Qxg7 Rg8 32. Qf6+ Kf8 33. Rac1
1-0

[Event "ODJM B 2019"]
[Site "Willingen GER"]
[Date "2019.06.09"]
[Round "1"]
[White "Leithoff, Hans-Georg"]
[Black "Stepanov, Maximilian"]
[Result "0-1"]
[Termination "normal"]
[Board "49"]
[WhiteElo "1527"]
[BlackElo "1615"]
[PlyCount "82"]
[WhiteFideId "16223918"]
[BlackFideId "16244680"]
[EventCountry "GER"]
[EventRounds "9"]
[EventType "swiss"]
[EventDate "2019.06.08"]

1. e4 e6 2. d4 d5 3. Nd2 Nf6 4. e5 Nfd7 5. Bd3 c5 6. c3 Nc6 7. Ne2 Qb6 8. Nf3
cxd4 9. cxd4 Bb4+ 10. Bd2 O-O 11. O-O Bxd2 12. Qxd2 f6 13. exf6 Nxf6 14. Nf4
Ne4 15. Qe3 Qxb2 16. Bxe4 dxe4 17. Qxe4 Qb5 18. Rfe1 Nd8 19. Rac1 Qf5 20. Qxf5
Rxf5 21. Nd3 b6 22. Nfe5 Bb7 23. Rc7 Rb8 24. Nb4 Rf4 25. Nbc6 Nxc6 26. Nxc6
Bxc6 27. Rxc6 Rxd4 28. Rcxe6 Rd2 29. R6e2 Rbd8 30. Kf1 Rxe2 31. Kxe2 Re8+ 32.
Kf1 Rxe1+ 33. Kxe1 Kf7 34. Ke2 Ke6 35. Kd3 Kd5 36. f4 b5 37. g4 a5 38. h4 b4
39. g5 g6 40. Ke3 a4 41. Kd3 b3 0-1

[Event "ODJM B 2019"]
[Site "Willingen GER"]
[Date "2019.06.09"]
[Round "1"]
[White "Hoppe, Nico"]
[Black "Rempe, Mieke"]
[Result "1-0"]
[Termination "normal"]
[Board "50"]
[WhiteElo "1692"]
[BlackElo "1469"]
[PlyCount "45"]
[WhiteFideId "16225520"]
[BlackFideId "16202384"]
[EventCountry "GER"]
[EventRounds "9"]
[EventType "swiss"]
[EventDate "2019.06.08"]

1. e4 c6 2. d4 d5 3. e5 Bf5 4. h4 h6 5. Bd3 Bxd3 6. Qxd3 e6 7. Ne2 Nd7 8. Nd2
Ne7 9. Nf3 Nf5 10. c3 a6 11. Nf4 c5 12. Nxd5 Nxd4 13. cxd4 exd5 14. O-O Be7 15.
e6 Nf6 16. Ne5 Qc7 17. Nxf7 Rg8 18. Qg6 Rf8 19. Be3 c4 20. b3 h5 21. g3 Ng4 22.
Bf4 Qc6 23. Ne5+ 1-0

[Event "ODJM B 2019"]
[Site "Willingen GER"]
[Date "2019.06.09"]
[Round "1"]
[White "Lipinsky, Pierre"]
[Black "Schulze, Lukas"]
[Result "0-1"]
[Termination "normal"]
[Board "51"]
[WhiteElo "1353"]
[BlackElo "1643"]
[PlyCount "120"]
[WhiteFideId "16206290"]
[BlackFideId "12956856"]
[EventCountry "GER"]
[EventRounds "9"]
[EventType "swiss"]
[EventDate "2019.06.08"]

1. d4 Nf6 2. c4 c5 3. d5 b5 4. Qc2 bxc4 5. e4 d6 6. Bxc4 g6 7. Nf3 Bg7 8. Nc3
O-O 9. O-O Nbd7 10. Be3 Rb8 11. Qd2 Qa5 12. b3 Ng4 13. Rac1 Nxe3 14. Qxe3 Nb6
15. Nd2 Nxc4 16. Nxc4 Qb4 17. Rc2 Ba6 18. Na4 Qb7 19. Rb1 Qd7 20. Rcc1 Rb4 21.
a3 Rxc4 22. bxc4 Qxa4 23. Qb3 Qd7 24. Qh3 Qxh3 25. gxh3 Bd4 26. Kg2 e6 27. f3
Bf6 28. Kf2 Bd8 29. Ke2 Bb6 30. Rb3 Re8 31. Re3 Bd8 32. f4 Bf6 33. Rc2 Bd4 34.
dxe6 Bxe3 35. exf7+ Kxf7 36. Kxe3 Bb7 37. Rd2 Rxe4+ 38. Kf2 Rxf4+ 39. Kg3 Rxc4
40. Rxd6 Rd4 41. Rxd4 cxd4 42. Kf4 Kf6 43. a4 g5+ 44. Kg3 d3 45. Kf2 Ba6 46.
Ke3 Ke5 47. a5 Bb5 48. Kd2 Kd4 49. h4 gxh4 50. h3 Bd7 51. a6 Bxh3 52. Kd1 Bd7
53. Kd2 h3 54. Kd1 h2 55. Kd2 h5 56. Kd1 h1=Q+ 57. Kd2 Qg2+ 58. Kd1 Ba4+ 59.
Kc1 d2+ 60. Kb2 d1=N+ 0-1

[Event "ODJM B 2019"]
[Site "Willingen GER"]
[Date "2019.06.09"]
[Round "1"]
[White "Rabe, Maximilian"]
[Black "Kung, Fanny"]
[Result "1-0"]
[Termination "normal"]
[Board "52"]
[WhiteElo "1628"]
[BlackElo "1510"]
[PlyCount "45"]
[WhiteFideId "12982911"]
[BlackFideId "12987689"]
[EventCountry "GER"]
[EventRounds "9"]
[EventType "swiss"]
[EventDate "2019.06.08"]

1. e4 d5 2. exd5 Qxd5 3. Nc3 Qd6 4. d4 a6 5. Nf3 Nf6 6. Bc4 b5 7. Bb3 e6 8. O-O
Bb7 9. Re1 Be7 10. a3 O-O 11. Ng5 Rd8 12. Nxe6 Qc6 13. d5 Nxd5 14. Bxd5 Rxd5
15. Qxd5 Qxd5 16. Nxd5 Bxd5 17. Nxc7 Ra7 18. Nxd5 Nc6 19. Nxe7+ Rxe7 20. Rxe7
Nxe7 21. Be3 f5 22. Rd1 Kf7 23. Rd7 1-0

[Event "ODJM B 2019"]
[Site "Willingen GER"]
[Date "2019.06.09"]
[Round "1"]
[White "Halle, Julia"]
[Black "Tran, Minh Dat"]
[Result "1/2-1/2"]
[Termination "normal"]
[Board "53"]
[WhiteElo "1634"]
[BlackElo "1573"]
[PlyCount "61"]
[WhiteFideId "24694940"]
[BlackFideId "16244702"]
[EventCountry "GER"]
[EventRounds "9"]
[EventType "swiss"]
[EventDate "2019.06.08"]

1. e4 g6 2. d4 Bg7 3. Nf3 c6 4. Be2 d5 5. e5 h6 6. O-O e6 7. Nc3 Ne7 8. Bd2 b6
9. Qc1 Ba6 10. Bxa6 Nxa6 11. Ne2 Nc7 12. c4 dxc4 13. Qxc4 Ncd5 14. Qc1 Rc8 15.
b4 h5 16. Rb1 O-O 17. Bg5 Qd7 18. h3 Nf5 19. Rd1 f6 20. exf6 Bxf6 21. Bxf6 Rxf6
22. Ne5 Qd6 23. Qg5 Kg7 24. Rbc1 c5 25. bxc5 bxc5 26. Nc4 Qf8 27. dxc5 Rxc5 28.
Ne5 Rxc1 29. Rxc1 Qd6 30. Nc4 Qf8 31. Nf4 1/2-1/2

[Event "ODJM B 2019"]
[Site "Willingen GER"]
[Date "2019.06.09"]
[Round "1"]
[White "Reyher, Susan"]
[Black "Kamleiter, Noah"]
[Result "1-0"]
[Termination "normal"]
[Board "54"]
[WhiteElo "1714"]
[BlackElo "1457"]
[PlyCount "47"]
[WhiteFideId "24686107"]
[BlackFideId "16265815"]
[EventCountry "GER"]
[EventRounds "9"]
[EventType "swiss"]
[EventDate "2019.06.08"]

1. e4 c5 2. Nf3 Nc6 3. d4 cxd4 4. Nxd4 g6 5. Nc3 Bg7 6. Be3 Nf6 7. Bc4 Qa5 8.
O-O O-O 9. f4 d6 10. f5 Ne5 11. Bb3 Bd7 12. h3 Rac8 13. Qe2 Nc6 14. g4 Kh8 15.
Qf2 Ne5 16. g5 Nh5 17. Nd5 Rce8 18. f6 exf6 19. gxf6 Bxh3 20. fxg7+ Kxg7 21.
Nf6 Bxf1 22. Rxf1 Re7 23. Nxh5+ gxh5 24. Qf6+ 1-0

[Event "ODJM B 2019"]
[Site "Willingen GER"]
[Date "2019.06.09"]
[Round "1"]
[White "Mainka, Ingmar"]
[Black "Alhamid, Mohamad"]
[Result "0-1"]
[Termination "normal"]
[Board "55"]
[WhiteElo "1209"]
[BlackElo "1672"]
[PlyCount "93"]
[WhiteFideId "16254937"]
[BlackFideId "16235665"]
[EventCountry "GER"]
[EventRounds "9"]
[EventType "swiss"]
[EventDate "2019.06.08"]

1. e4 e5 2. Nf3 Nc6 3. d4 exd4 4. Nxd4 Bc5 5. Be3 Bb6 6. Nc3 Nf6 7. Bc4 O-O 8.
O-O Re8 9. f3 d5 10. Nxd5 Nxd5 11. Bxd5 Nxd4 12. Bxd4 Bxd4+ 13. Qxd4 c6 14.
Bxf7+ Kxf7 15. Qc4+ Be6 16. Qb4 Qb6+ 17. Qxb6 axb6 18. a3 Rad8 19. Rad1 Rxd1
20. Rxd1 Ke7 21. Kf2 Rd8 22. Rxd8 Kxd8 23. c3 Kd7 24. Ke2 Kd6 25. b4 c5 26. f4
g6 27. Kd3 b5 28. h3 Bc4+ 29. Ke3 b6 30. g4 h6 31. h4 Ke6 32. Kf3 Kf6 33. e5+
Ke6 34. Ke4 Bd5+ 35. Ke3 g5 36. hxg5 hxg5 37. fxg5 Kxe5 38. g6 Kf6 39. Kf4 Kxg6
40. Ke5 cxb4 41. axb4 Bc4 42. Kd6 Kg5 43. Kc7 Kxg4 44. Kxb6 Kf4 45. Kc5 Ke4 46.
Kc6 Kd3 47. Kd6 0-1

[Event "ODJM B 2019"]
[Site "Willingen GER"]
[Date "2019.06.09"]
[Round "1"]
[White "Cheredzhiyska, Iva"]
[Black "Richter, Tim"]
[Result "1-0"]
[Termination "normal"]
[Board "56"]
[WhiteElo "1581"]
[BlackElo "1473"]
[PlyCount "119"]
[WhiteFideId "16241622"]
[BlackFideId "16272641"]
[EventCountry "GER"]
[EventRounds "9"]
[EventType "swiss"]
[EventDate "2019.06.08"]

1. e4 c5 2. Nf3 Nc6 3. d4 cxd4 4. Nxd4 e5 5. Nb5 d6 6. Be3 Nf6 7. f3 a6 8. N5c3
Be7 9. Na4 Be6 10. Nb6 Rb8 11. Nc3 Nd7 12. Nbd5 Bg5 13. Nc7+ Qxc7 14. Bxg5 O-O
15. Qd2 f6 16. Be3 Rfd8 17. O-O-O Nc5 18. Nd5 Qf7 19. Qf2 b6 20. a3 a5 21. Bb5
Ne7 22. Bc4 Nxd5 23. Bxd5 Bxd5 24. Rxd5 Qc7 25. Rhd1 Kf7 26. Kb1 Ke7 27. g4 g5
28. h4 h6 29. Qh2 Rd7 30. hxg5 hxg5 31. Rh1 Ke6 32. Qh6 Rg7 33. Rhd1 Rd8 34.
Qh2 Rh7 35. Qf2 Qc6 36. Bxc5 bxc5 37. Rxc5 Qxc5 38. Qxc5 dxc5 39. Rxd8 Ra7 40.
Rd5 c4 41. Rc5 Kd6 42. Rxc4 Ra6 43. Rc3 a4 44. Rd3+ Kc5 45. Rd5+ Kc6 46. c4 Kc7
47. Rb5 Rb6 48. Rxb6 Kxb6 49. Kc2 Kc5 50. Kc3 Kd6 51. Kb4 Kc6 52. c5 Kb7 53.
Kxa4 Ka6 54. b4 Kb7 55. b5 Ka7 56. Ka5 Kb7 57. c6+ Ka7 58. b6+ Ka8 59. Ka6 Kb8
60. c7+ 1-0

[Event "ODJM B 2019"]
[Site "Willingen GER"]
[Date "2019.06.09"]
[Round "1"]
[White "Pham, Anh Tuan"]
[Black "Chromey, Tamir"]
[Result "1/2-1/2"]
[Termination "normal"]
[Board "57"]
[WhiteElo "1300"]
[BlackElo "1627"]
[PlyCount "74"]
[WhiteFideId "16245229"]
[BlackFideId "16287479"]
[EventCountry "GER"]
[EventRounds "9"]
[EventType "swiss"]
[EventDate "2019.06.08"]

1. c4 c5 2. g3 g6 3. Bg2 Bg7 4. e3 Nf6 5. Nf3 O-O 6. O-O Nc6 7. d4 cxd4 8. exd4
d5 9. Qe2 Bf5 10. Nc3 dxc4 11. Qxc4 e6 12. Rd1 Ne7 13. h3 Be4 14. Nxe4 Nxe4 15.
Ng5 Nxg5 16. Bxg5 h6 17. Bxe7 Qxe7 18. Rac1 Rac8 19. Qd3 Rxc1 20. Rxc1 Rd8 21.
d5 exd5 22. Bxd5 Qg5 23. Rd1 Kh7 24. Qb3 Qe7 25. Kf1 Qd7 26. Kg2 Qc7 27. Rd3
Rd7 28. Rf3 Kg8 29. h4 Bxb2 30. Bxf7+ Rxf7 31. Qxb2 Qc6 32. Qb3 Qxf3+ 33. Qxf3
Rxf3 34. Kxf3 Kf7 35. Kf4 Ke6 36. g4 b5 37. Ke4 a6 1/2-1/2

[Event "ODJM B 2019"]
[Site "Willingen GER"]
[Date "2019.06.09"]
[Round "1"]
[White "Esefelder, Richard"]
[Black "de Veer, Mara"]
[Result "0-1"]
[Termination "normal"]
[Board "58"]
[WhiteElo "1627"]
[BlackElo "1379"]
[PlyCount "64"]
[WhiteFideId "16287487"]
[BlackFideId "16217349"]
[EventCountry "GER"]
[EventRounds "9"]
[EventType "swiss"]
[EventDate "2019.06.08"]

1. e4 c6 2. d4 d5 3. e5 Bf5 4. Be3 Bg6 5. Nf3 e6 6. Bd3 Bxd3 7. Qxd3 Be7 8.
Nbd2 Nd7 9. O-O Qc7 10. c3 f6 11. Bf4 Qd8 12. Rfc1 f5 13. h3 h6 14. g4 g6 15.
Kg2 Qb6 16. a4 a5 17. g5 O-O-O 18. gxh6 Nxh6 19. Ng5 Bxg5 20. Bxg5 Rde8 21.
Rcb1 Nf7 22. Bf4 g5 23. Bh2 Reg8 24. b4 g4 25. bxa5 Rxh3 26. Qc2 Qxa5 27. Qb2
b6 28. f3 Ng5 29. Bg3 Rgh8 30. fxg4 fxg4 31. c4 dxc4 32. Nxc4 Qd5+ 0-1

[Event "ODJM B 2019"]
[Site "Willingen GER"]
[Date "2019.06.09"]
[Round "1"]
[White "Fricke, Edna Marlene"]
[Black "Zell, Mirjam"]
[Result "0-1"]
[Termination "time forfeit"]
[Board "59"]
[WhiteElo "1350"]
[BlackElo "1660"]
[PlyCount "74"]
[WhiteFideId "12988839"]
[BlackFideId "16208544"]
[EventCountry "GER"]
[EventRounds "9"]
[EventType "swiss"]
[EventDate "2019.06.08"]

1. e4 c6 2. Nc3 e5 3. Nf3 d6 4. Bc4 Nf6 5. d3 Be7 6. O-O O-O 7. a4 Bg4 8. h3
Bh5 9. Ba2 Nbd7 10. b4 Qc7 11. Bg5 h6 12. Bh4 Rfe8 13. Ne2 Bxf3 14. gxf3 Nh5
15. Bxe7 Rxe7 16. Qd2 Ndf6 17. Kh2 d5 18. Rg1 Kh7 19. Ng3 Nxg3 20. Rxg3 Rg8 21.
Rag1 Qd7 22. Qe3 Nh5 23. Rg4 Nf4 24. R1g3 Re6 25. d4 Ng6 26. exd5 cxd5 27. Bb3
f5 28. Rxg6 Rxg6 29. Qxe5 Re8 30. Qf4 Rxg3 31. Qxg3 Re1 32. Qf4 Qe6 33. Kg2
Qg6+ 34. Qg3 f4 35. Qxg6+ Kxg6 36. Bxd5 b6 37. c4 37... Kf6 {Zeituberschreitung
} 0-1

[Event "ODJM B 2019"]
[Site "Willingen GER"]
[Date "2019.06.09"]
[Round "2"]
[White "Petri, Ben-Luca"]
[Black "Schmied, Elias"]
[Result "1-0"]
[Termination "normal"]
[Board "1"]
[WhiteElo "1895"]
[BlackElo "1669"]
[WhiteClock "01:09:35"]
[BlackClock "00:48:32"]
[PlyCount "45"]
[WhiteFideId "12947261"]
[BlackFideId "16255879"]
[EventCountry "GER"]
[EventRounds "9"]
[EventType "swiss"]
[EventDate "2019.06.08"]

1. e4 {[%clk 1:30:58]} 1... e6 {[%clk 1:30:55]} 2. d4 {[%clk 1:31:20]} 2... d5
{[%clk 1:31:22]} 3. Nd2 {[%clk 1:31:43]} 3... dxe4 {[%clk 1:31:37]} 4. Nxe4 {
[%clk 1:32:04]} 4... Bd7 {[%clk 1:31:10]} 5. Nf3 {[%clk 1:30:08]} 5... Bc6 {
[%clk 1:31:36]} 6. Bd3 {[%clk 1:30:10]} 6... Be7 {[%clk 1:31:56]} 7. O-O {
[%clk 1:29:45]} 7... Nf6 {[%clk 1:32:22]} 8. Nxf6+ {[%clk 1:29:24]} 8... Bxf6 {
[%clk 1:32:39]} 9. c3 {[%clk 1:29:39]} 9... Nd7 {[%clk 1:32:16]} 10. Qe2 {
[%clk 1:29:57]} 10... O-O {[%clk 1:31:33]} 11. Bf4 {[%clk 1:30:04]} 11... b6 {
[%clk 1:31:10]} 12. Rad1 {[%clk 1:29:19]} 12... Bb7 {[%clk 1:27:46]} 13. Rfe1 {
[%clk 1:28:14]} 13... Qc8 {[%clk 1:23:44]} 14. Ne5 {[%clk 1:24:29]} 14... g6 {
[%clk 1:21:00]} 15. Ng4 {[%clk 1:21:44]} 15... Bg7 {[%clk 1:20:28]} 16. Bh6 {
[%clk 1:19:49]} 16... c5 {[%clk 1:18:05]} 17. Bxg7 {[%clk 1:19:57]} 17... Kxg7
{[%clk 1:18:28]} 18. Bb5 {[%clk 1:18:36]} 18... Bc6 {[%clk 1:14:54]} 19. dxc5 {
[%clk 1:16:17]} 19... bxc5 {[%clk 1:06:16]} 20. Ba6 {[%clk 1:11:25]} 20... Qc7
{[%clk 1:00:46]} 21. Qe3 {[%clk 1:11:43]} 21... Qd8 {[%clk 0:54:47]} 22. Bb7 {
[%clk 1:09:15]} 22... Bxb7 {[%clk 0:48:32]} 23. Qh6+ {[%clk 1:09:35]} 1-0